000 00693cab a22001935a 4500
001 L156105
008 120430e20120425xxk f 000 0 eng d
035 _a(Sirsi) u156105
041 0 _aeng
100 1 _aWright, Emily
245 0 0 _aRich in oil
260 _c2012
490 0 _aBuilding
_v277(8725) 27 April 2012, 34-39(6)
520 _aReport of the results of Hays 2012 International Salary Guide; commentary, moving abroad, top salary spots, tables of typical salaries in 12 countries for 6 job titles with 10 years industry experience and 5-10 years industry experience, methodology.
590 _aKA
651 4 _aInternational
690 _aBusiness and management
942 _n0
999 _c83950
_d83950